LEADER 00896nam0-22003011i-450- 001 990003056270403321 010 $a88-7061-972-9 035 $a000305627 035 $aFED01000305627 035 $a(Aleph)000305627FED01 035 $a000305627 100 $a20000920d1985----km-y0itay50------ba 101 0 $aita 102 $aIT 200 1 $aEconomia industriale$estruttura del mercato, condotta delle imprese e performance$fF.M. Scherer$ga cura di Giampiero Lugli. 210 $aMilano$cUnicopli$d1985. 215 $a559 p.$d24 cm 300 $a[Tit. orig.: Industrial Market Structure and Economic Performance, 1980] 676 $aH/2.1 702 1$aLugli,$bGianpiero 801 0$aIT$bUNINA$gRICA$2UNIMARC 901 $aBK 912 $a990003056270403321 952 $aH/2.1 SCH$b3659$fSES 959 $aSES 996 $aEconomia industriale$9465871 997 $aUNINA DB $aING01 LEADER 01059nam0-2200361---450 001 990000935910203316 005 20210719151200.0 010 $a88-85987-76-1 035 $a0093591 035 $aUSA010093591 035 $a(ALEPH)000093591USA01 035 $a0093591 100 $a20020131d1997----km-y0ITAy01------ba 101 $aita 102 $aIT 105 $a00||| 200 1 $aNč destra nč sinistra$el'ideologia fascista in Francia$fZeev Sternhell$gtraduzione di Maria Grazia Meriggi 210 $aMilano$cBaldini & Castoldi$d[1997] 215 $a581 p.$d23 cm 225 2 $aI saggi$v87 410 0$12001$aI saggi$v87 454 1$12001$aNi droite, ni gauche$928367 606 $aFascismo$yFrancia$z1920-1940 676 $a320.5330944 700 1$aSTERNHELL,$bZeev$0134287 702 1$aMERIGGI,$bMaria Grazia 801 0$aIT$bsalbc$gISBD 912 $a990000935910203316 951 $aX.3.B. 2763(IV C COLL.439/87)$b132948 L.M.$cIV C COLL. 959 $aBK 969 $aUMA 996 $aNi droite, ni gauche$928367 997 $aUNISA